Kapitalverkehrskontrollen
Salvato in:
| Autore principale: | |
|---|---|
| Natura: | Libro |
| Lingua: | tedesco |
| Pubblicazione: |
Frankfurt am Main
Lang
1990
|
| Edizione: | 1. Aufl. |
| Soggetti: | |
| Tags: |
Nessun Tag, puoi essere il primo ad aggiungerne!!
|
MARC
| LEADER | 00000nam a2200000 4500 | ||
|---|---|---|---|
| 001 | c000567 | ||
| 005 | 20221215125356.1 | ||
| 020 | |a 3-631-40338-0 | ||
| 041 | 0 | |a ger | |
| 044 | |a DE | ||
| 245 | 1 | 0 | |a Kapitalverkehrskontrollen |c Lothar Weniger |
| 250 | |a 1. Aufl. | ||
| 264 | 1 | |a Frankfurt am Main |b Lang |c 1990 | |
| 300 | |a 217 s. | ||
| 610 | 2 | 0 | |a Európske spoločenstvá |
| 610 | 2 | 0 | |a Európsky menový systém |
| 610 | 2 | 0 | |a pohyb kapitálu |
| 610 | 2 | 0 | |a prognózy |
| 610 | 2 | 0 | |a kontrola |
| 610 | 2 | 0 | |a kurz menový |
| 610 | 2 | 0 | |a kurz valutový |
| 100 | 1 | |a Weniger, Lothar | |